Návrh a implementácia riadenia servomotora pomocou PLC B&R PP65

Guardado en:
Detalles Bibliográficos
Autor principal: Toporcer, Matúš, 1978- (Autor)
Otros Autores: Strémy, Maximilián, 1978- (Orientador)
Formato: Manuscrito Libro
Lenguaje:eslovaco
Publicado: Trnava : STU v Bratislave MTF UIAM, 2014
Materias:
Acceso en línea:VAIS
Etiquetas: Agregar Etiqueta
Sin Etiquetas, Sea el primero en etiquetar este registro!

MARC

LEADER 00000ntm a22000003a 4500
001 stu293133
005 20150617230309.2
008 140708s2014----xo------------------slo-d
040 |a STU  |b slo 
041 0 |a slo 
044 |a xo 
100 1 |a Toporcer, Matúš,  |d 1978-  |4 aut  |u M  |T MTF Materiálovotechnologická fakulta  |X 46020  |U M  |Y 60  |7 A000046020 
242 0 0 |a Design and implementation of servo engine by PLC B&R PP65  |y eng 
245 1 |a Návrh a implementácia riadenia servomotora pomocou PLC B&R PP65 
260 |a Trnava :  |b STU v Bratislave MTF UIAM,  |c 2014 
300 |a 56s  |c CD 
650 7 |a aplikovaná informatika a automatizácia v priemysle  |2 stusub 
650 7 |a Applied Informatics and Automation in Industry  |2 estusub 
700 1 |a Strémy, Maximilián,  |d 1978-  |4 ths  |u M6000  |U MTF Materiálovotechnologická fakulta  |T MTF Ústav aplikovanej informatiky, automatizácie a matematiky  |X 3783  |U M6000  |Y 86  |7 A000003783 
856 4 |a info a plný text  |u http://is.stuba.sk/zp/portal_zp.pl?podrobnosti=87805  |3 VAIS 
996 |c M*BP-6768  |l MMSKP  |s P  |a 0  |w stu293133_0001